[Event "ODJM B 2015"]
[Site "Willingen GER"]
[Date "2015.05.26"]
[Round "5"]
[White "Chalabi, Tom"]
[Black "Wu, Erik"]
[Result "1-0"]
[Termination "normal"]
[Board "14"]
[WhiteElo "1119"]
[BlackElo "1441"]
[PlyCount "121"]
[WhiteFideId "4003012"]
[BlackFideId "12977489"]
[EventCountry "GER"]
[EventRounds "9"]
[EventType "swiss"]
[EventDate "2015.05.23"]

1. e4 e5 2. Nf3 Nc6 3. Bc4 Bc5 4. c3 Nf6 5. d4 exd4 6. cxd4 Bb4+ 7. Bd2 Bxd2+
8. Nbxd2 d5 9. exd5 Nxd5 10. Qb3 Na5 11. Qb5+ c6 12. Qc5 Ne7 13. O-O O-O 14.
Bd3 b6 15. Qh5 g6 16. Qh6 f6 17. b4 Nb7 18. Bc4+ Nd5 19. Rfe1 Kh8 20. b5 cxb5
21. Bxd5 Rb8 22. Be6 Nd6 23. Rac1 Bb7 24. Nh4 Nf7 25. Nxg6+ Kg8 26. Nxf8 Qxf8
27. Qxf8+ Rxf8 28. Bxf7+ Rxf7 29. Re8+ Kg7 30. Rce1 Kg6 31. R1e7 Rxe7 32. Rxe7
Bd5 33. Rxa7 b4 34. Kf1 b5 35. Ke2 h5 36. g3 Kf5 37. Ra5 Bc6 38. h3 Kg5 39. d5
Bd7 40. Ne4+ Kf5 41. Nc5 Be8 42. d6 h4 43. d7 Bxd7 44. Nxd7 hxg3 45. fxg3 Ke4
46. Rxb5 f5 47. Rxb4+ Kd5 48. Rb6 Ke4 49. Rb3 f4 50. gxf4 Kxf4 51. Rc3 Kg5 52.
Rc4 Kf5 53. Ke3 Ke6 54. Ra4 Kxd7 55. Ra6 Kc7 56. Kd4 Kb7 57. Rh6 Kc7 58. Kd5
Kb7 59. Kc5 Kc7 60. Rh7+ Kd8 61. Kc6 1-0

[Event "ODJM B 2015"]
[Site "Willingen GER"]
[Date "2015.05.26"]
[Round "5"]
[White "Grunert, Wilhelm"]
[Black "Ning, Felix"]
[Result "1-0"]
[Termination "normal"]
[Board "15"]
[WhiteElo "1205"]
[BlackElo "1507"]
[PlyCount "119"]
[WhiteFideId "12995673"]
[BlackFideId "12988553"]
[EventCountry "GER"]
[EventRounds "9"]
[EventType "swiss"]
[EventDate "2015.05.23"]

1. e4 c5 2. b3 Nf6 3. e5 Nd5 4. Bb2 Nc6 5. g3 Qc7 6. Bg2 Ndb4 7. a3 Na6 8. Nf3
d6 9. exd6 Qxd6 10. Nc3 Bg4 11. O-O Nd4 12. Re1 Qf6 13. Re3 g6 14. Kh1 Bh6 15.
Ne4 Qc6 16. Bxd4 cxd4 17. Re1 f5 18. Nxd4 Qxe4 19. Bxe4 Bxd1 20. Bxb7 Rd8 21.
Ne6 Rxd2 22. Raxd1 Nb8 23. Rxd2 Bxd2 24. Rd1 Ba5 25. b4 Bb6 26. Kg2 Kf7 27. Bd5
Kf6 28. Bb3 Rc8 29. Nf4 g5 30. Nd5+ Kg7 31. Nxe7 Re8 32. Nxf5+ Kg6 33. Ne3 Bxe3
34. Re1 Nc6 35. Rxe3 Rc8 36. Rc3 Kf5 37. Bd5 Ne7 38. Rxc8 Nxc8 39. Kf3 g4+ 40.
Ke3 Ke5 41. Be4 h6 42. c4 Nd6 43. Bd5 h5 44. a4 Nf5+ 45. Kd3 Ne7 46. Bf7 Nc6
47. b5 Nb4+ 48. Kc3 Na2+ 49. Kd2 Ke4 50. c5 Nb4 51. c6 Kf3 52. c7 Kxf2 53. c8=Q
Kg2 54. Bxh5 Kxh2 55. Qxg4 Nd5 56. Qf3 Ne7 57. Qf2+ Kh3 58. Ke1 Ng8 59. Kf1 Nh6
60. Qg2# 1-0

[Event "ODJM B 2015"]
[Site "Willingen GER"]
[Date "2015.05.26"]
[Round "5"]
[White "Grunert, Friedrich"]
[Black "Arnold, Alexandria"]
[Result "1-0"]
[Termination "normal"]
[Board "16"]
[WhiteElo "1492"]
[BlackElo "1174"]
[PlyCount "89"]
[WhiteFideId "12995592"]
[BlackFideId "16205383"]
[EventCountry "GER"]
[EventRounds "9"]
[EventType "swiss"]
[EventDate "2015.05.23"]

1. e4 c5 2. Nf3 Nc6 3. c3 e5 4. d4 cxd4 5. cxd4 d6 6. Bb5 Bg4 7. d5 a6 8. dxc6
axb5 9. cxb7 Rb8 10. O-O Rxb7 11. Nc3 Nf6 12. Bg5 Be7 13. Re1 O-O 14. Qb3 Bxf3
15. gxf3 b4 16. Ne2 h6 17. Bh4 Nh5 18. Bg3 Bh4 19. f4 Qf6 20. Qf3 Qg6 21. Kh1
Bf6 22. f5 Qg5 23. h4 Nxg3+ 24. fxg3 Qd2 25. Rab1 Ra8 26. Red1 Qc2 27. Qd3 Qc6
28. Rbc1 Qa4 29. Qxd6 Qxa2 30. Ra1 Qxa1 31. Rxa1 Rxa1+ 32. Kg2 Ra2 33. Qd5 Rba7
34. Qb3 Be7 35. Nc1 Ra1 36. Nd3 Rb7 37. Nxe5 Bf6 38. Nc6 Rb1 39. e5 Be7 40.
Nxe7+ Rxe7 41. Qxb4 Rd7 42. e6 Rd5 43. e7 Re5 44. Qb8+ Kh7 45. Qxe5 1-0

[Event "ODJM B 2015"]
[Site "Willingen GER"]
[Date "2015.05.26"]
[Round "5"]
[White "Theile, Cedric"]
[Black "Youness, Fatima"]
[Result "0-1"]
[Termination "normal"]
[Board "17"]
[WhiteElo "1116"]
[BlackElo "1369"]
[PlyCount "90"]
[WhiteFideId "16283228"]
[BlackFideId "16214404"]
[EventCountry "GER"]
[EventRounds "9"]
[EventType "swiss"]
[EventDate "2015.05.23"]

1. e4 e5 2. Nf3 Nc6 3. Bc4 Bc5 4. Nc3 Nf6 5. d3 d6 6. h3 Be6 7. Bxe6 fxe6 8.
O-O Qd7 9. Qe2 O-O-O 10. Bg5 h6 11. Be3 Bb6 12. Na4 g6 13. Nxb6+ axb6 14. c3 g5
15. Nh2 Rdg8 16. f3 Nh5 17. Bf2 Nf4 18. Qe3 d5 19. Ng4 d4 20. cxd4 exd4 21. Qd2
Qg7 22. Bg3 Kb8 23. Bxf4 gxf4 24. Qxf4 h5 25. a3 hxg4 26. fxg4 Rf8 27. Qg3 Qe5
28. Qxe5 Nxe5 29. Rxf8+ Rxf8 30. Rd1 c6 31. Kh2 Kc7 32. Kg3 Kd6 33. h4 Ke7 34.
g5 Kf7 35. h5 Kg7 36. Kh4 Rf2 37. g4 Rf4 38. Rg1 Nxd3 39. Kh3 Ne5 40. b4 d3 41.
Rg2 Rxe4 42. g6 Re3+ 43. Kh2 Re2 44. g5 Ng4+ 45. Kg1 Re1# 0-1

[Event "ODJM B 2015"]
[Site "Willingen GER"]
[Date "2015.05.26"]
[Round "5"]
[White "Raasch, Hauke"]
[Black "Nimptsch, Nikolas"]
[Result "0-1"]
[Termination "normal"]
[Board "18"]
[WhiteElo "1107"]
[BlackElo "1302"]
[PlyCount "58"]
[WhiteFideId "16210034"]
[BlackFideId "16245334"]
[EventCountry "GER"]
[EventRounds "9"]
[EventType "swiss"]
[EventDate "2015.05.23"]

1. d4 Nf6 2. Nf3 g6 3. e3 Bg7 4. Bd3 O-O 5. Nbd2 d6 6. O-O Bg4 7. h3 Bxf3 8.
Nxf3 Nbd7 9. c3 e5 10. dxe5 Nxe5 11. Nxe5 dxe5 12. e4 Nd7 13. f4 c6 14. f5 Nc5
15. Bc2 Qb6 16. Be3 Rad8 17. Qe2 a5 18. Qf2 Qxb2 19. Bxc5 Qxc3 20. Bxf8 Bxf8
21. fxg6 Bc5 22. gxf7+ Kg7 23. Qxc5 {(=)} 23... Qxc5+ 24. Rf2 Rf8 25. Bb3 a4
26. Be6 Qd6 27. Bc4 b5 28. Raf1 bxc4 29. h4 Qd4 0-1

[Event "ODJM B 2015"]
[Site "Willingen GER"]
[Date "2015.05.26"]
[Round "5"]
[White "Kotyk, Michael"]
[Black "Hoppe, Nico"]
[Result "0-1"]
[Termination "normal"]
[Board "19"]
[WhiteElo "1296"]
[BlackElo "1086"]
[PlyCount "46"]
[WhiteFideId "16214501"]
[BlackFideId "16225520"]
[EventCountry "GER"]
[EventRounds "9"]
[EventType "swiss"]
[EventDate "2015.05.23"]

1. e4 e5 2. Nc3 Nf6 3. f4 d5 4. fxe5 Nxe4 5. Nf3 Bg4 6. d3 Nxc3 7. bxc3 c5 8.
d4 c4 9. Be2 Bf5 10. O-O Nc6 11. Ng5 Bg6 12. Bh5 f6 13. Bxg6+ hxg6 14. exf6
gxf6 15. Ne6 Qd6 16. Rxf6 Qxh2+ 17. Kf1 Qh1+ 18. Ke2 Qxg2+ 19. Ke3 Qe4+ 20. Kf2
Rh2+ 21. Kg3 Qg2+ 22. Kf4 Bh6+ 23. Ng5 Bxg5# 0-1

[Event "ODJM B 2015"]
[Site "Willingen GER"]
[Date "2015.05.26"]
[Round "5"]
[White "Voltmer, Victor"]
[Black "Borgmann, Simon"]
[Result "0-1"]
[Termination "normal"]
[Board "20"]
[WhiteElo "1104"]
[BlackElo "1289"]
[PlyCount "78"]
[BlackFideId "16234677"]
[EventCountry "GER"]
[EventRounds "9"]
[EventType "swiss"]
[EventDate "2015.05.23"]

1. e4 e5 2. Nf3 Nc6 3. Bc4 Bc5 4. c3 d6 5. d4 exd4 6. cxd4 Bb4+ 7. Nc3 Nf6 8.
Ng5 O-O 9. Qd3 h6 10. Nf3 Nxe4 11. O-O Nxc3 12. bxc3 Ba5 13. Bf4 Qf6 14. Rfe1
Qxf4 15. Re4 Qf6 16. Qe3 Qd8 17. d5 Nb8 18. Re1 Bd7 19. Re7 Na6 20. Bd3 Nc5 21.
Bc2 Re8 22. Nd4 Rxe7 23. Qxe7 Qxe7 24. Rxe7 Re8 25. Rxe8+ Bxe8 26. c4 Ba4 27.
Bf5 g6 28. Bc8 Bd7 29. Bxd7 Nxd7 30. Nb5 a6 31. Nd4 Ne5 32. Nb3 Nxc4 33. Kf1
Nd2+ 34. Ke2 Nxb3 35. axb3 c6 36. dxc6 bxc6 37. Kd3 Bb4 38. Kc4 a5 39. Kd4 Bc5+
0-1

[Event "ODJM B 2015"]
[Site "Willingen GER"]
[Date "2015.05.26"]
[Round "5"]
[White "Schulze, Lukas"]
[Black "Winkin, Pol"]
[Result "1-0"]
[Termination "normal"]
[Board "21"]
[WhiteElo "1252"]
[BlackElo "937"]
[PlyCount "55"]
[WhiteFideId "12956856"]
[BlackFideId "4004787"]
[EventCountry "GER"]
[EventRounds "9"]
[EventType "swiss"]
[EventDate "2015.05.23"]

1. Nf3 d5 2. c4 d4 3. g3 Nc6 4. Bg2 e5 5. O-O Nf6 6. Qa4 Bd7 7. d3 h6 8. e3 Nb4
9. Qb3 Qe7 10. exd4 exd4 11. Re1 Be6 12. Nxd4 O-O-O 13. Nxe6 Rxd3 14. Nc3 fxe6
15. a3 Nc6 16. Be3 Kb8 17. Bxc6 b6 18. c5 Nd5 19. Bxd5 exd5 20. cxb6 cxb6 21.
Bf4+ Kb7 22. Rxe7+ Bxe7 23. Rd1 Rxd1+ 24. Qxd1 Rd8 25. Nxd5 Bf6 26. Qf3 Bxb2
27. Nb4+ Kc8 28. Qc6# 1-0

[Event "ODJM B 2015"]
[Site "Willingen GER"]
[Date "2015.05.26"]
[Round "5"]
[White "Reuker, Ronja"]
[Black "Knerr, Sebastian"]
[Result "1/2-1/2"]
[Termination "normal"]
[Board "22"]
[WhiteElo "1102"]
[BlackElo "1259"]
[PlyCount "82"]
[WhiteFideId "12947172"]
[BlackFideId "16266013"]
[EventCountry "GER"]
[EventRounds "9"]
[EventType "swiss"]
[EventDate "2015.05.23"]

1. e4 e5 2. Nf3 Nf6 3. Nxe5 Qe7 4. Nf3 Qxe4+ 5. Be2 Bc5 6. O-O O-O 7. Nc3 Qe7
8. Re1 Qd8 9. d4 Bb4 10. Bd2 d5 11. a3 Be7 12. Bd3 Bg4 13. h3 Bh5 14. Bf4 Nc6
15. Re3 Nxd4 16. g4 Nxf3+ 17. Rxf3 Bg6 18. Ne2 c6 19. Ng3 Bd6 20. Qd2 Bxf4 21.
Qxf4 Bxd3 22. Rxd3 Qb8 23. Qg5 h6 24. Qf5 Qc8 25. Qf4 Re8 26. g5 hxg5 27. Qxg5
Ne4 28. Nxe4 Rxe4 29. Rg3 g6 30. h4 Qd8 31. Qxd8+ Rxd8 32. h5 Kg7 33. hxg6 fxg6
34. Rb3 Rd7 35. Rd1 Rde7 36. Rd2 b6 37. Rc3 R7e6 38. Kg2 d4 39. Rc4 c5 40. b4
Rc6 41. c3 Rd6 1/2-1/2

[Event "ODJM B 2015"]
[Site "Willingen GER"]
[Date "2015.05.26"]
[Round "5"]
[White "Rößl, Adam"]
[Black "Straßburg, Robin"]
[Result "1/2-1/2"]
[Termination "normal"]
[Board "23"]
[WhiteElo "1230"]
[BlackElo "1028"]
[PlyCount "58"]
[WhiteFideId "16246047"]
[BlackFideId "16210018"]
[EventCountry "GER"]
[EventRounds "9"]
[EventType "swiss"]
[EventDate "2015.05.23"]

1. e4 d5 2. exd5 Qxd5 3. Nc3 Qd8 4. Nf3 Bg4 5. Be2 Nf6 6. d4 e6 7. Bg5 Be7 8.
Qd3 c6 9. O-O-O Nbd7 10. Qe3 h6 11. Bxf6 Nxf6 12. Ne5 Bxe2 13. Qxe2 Nd7 14. f4
Qc7 15. Rhf1 Rf8 16. g4 O-O-O 17. Nc4 Nb6 18. Nxb6+ Qxb6 19. f5 Bg5+ 20. Kb1
exf5 21. gxf5 Rxd4 22. Rxd4 Qxd4 23. Rd1 Qf4 24. Ne4 Rd8 25. Rf1 Qc7 26. Qg4 f6
27. h4 Be3 28. h5 Qd7 29. Qf3 Bb6 1/2-1/2

[Event "ODJM B 2015"]
[Site "Willingen GER"]
[Date "2015.05.26"]
[Round "5"]
[White "Seliokaite, Ana"]
[Black "Wiemann, Daniel"]
[Result "0-1"]
[Termination "normal"]
[Board "25"]
[WhiteElo "1085"]
[BlackElo "1419"]
[PlyCount "146"]
[WhiteFideId "16224817"]
[BlackFideId "12942944"]
[EventCountry "GER"]
[EventRounds "9"]
[EventType "swiss"]
[EventDate "2015.05.23"]

1. c4 e5 2. Nc3 Nf6 3. g3 d5 4. cxd5 Nxd5 5. Bg2 Nf6 6. Nf3 Bd6 7. O-O Nc6 8.
d4 O-O 9. d5 Ne7 10. e4 Ng6 11. b3 Bb4 12. Bb2 Re8 13. Qd3 Bd7 14. Nd2 c6 15.
a3 Bxc3 16. Bxc3 cxd5 17. exd5 Bc6 18. d6 Bxg2 19. Kxg2 Re6 20. Nc4 Ne8 21. Bb4
a5 22. Bc5 Qd7 23. Nb6 Qc6+ 24. Kg1 Qxc5 25. Nxa8 Rxd6 26. Qe4 Qa7 27. b4 Qxa8
28. Rfc1 Rd4 29. Qc2 b5 30. Qc8 Rd8 31. Qxa8 Rxa8 32. bxa5 Rxa5 33. Rc5 h6 34.
a4 Rxa4 35. Rxa4 bxa4 36. Ra5 a3 37. Rxa3 f6 38. Re3 Kf7 39. Kg2 Ne7 40. Re4
Nd6 41. Ra4 Nb5 42. Rb4 Nd4 43. f3 Nd5 44. Ra4 Kg6 45. Kf2 Kf5 46. f4 Ne6 47.
fxe5 fxe5 48. Ra5 Nf6 49. h3 Ne4+ 50. Kf3 Nd4+ 51. Kg2 Nd6 52. Rd5 Ke6 53. Ra5
e4 54. Ra4 N6b5 55. Kf2 Ke5 56. Ke3 Nf5+ 57. Kd2 Kd5 58. g4 Nfd4 59. Ke3 Ke5
60. h4 Nc2+ 61. Kd2 Nbd4 62. Ra5+ Kf4 63. Rf5+ Nxf5 64. gxf5 Nd4 65. Ke1 Nxf5
66. Kf2 e3+ 67. Ke2 Kg3 68. h5 Kg4 69. Kd3 Kxh5 70. Ke4 e2 71. Kxf5 e1=Q 72.
Kf4 g5+ 73. Kf5 Qb4 0-1

[Event "ODJM B 2015"]
[Site "Willingen GER"]
[Date "2015.05.26"]
[Round "5"]
[White "Reuter, Marek"]
[Black "Kalina, Joshua"]
[Result "1/2-1/2"]
[Termination "normal"]
[Board "26"]
[WhiteElo "955"]
[BlackElo "1298"]
[PlyCount "80"]
[WhiteFideId "16226712"]
[EventCountry "GER"]
[EventRounds "9"]
[EventType "swiss"]
[EventDate "2015.05.23"]

1. Nc3 e5 2. Nf3 Nc6 3. d4 exd4 4. Nxd4 Bc5 5. Be3 Qf6 6. Ndb5 Bxe3 7. fxe3 Kd8
8. Nxc7 Nge7 9. Nxa8 Re8 10. Qd2 Nf5 11. e4 Nd6 12. O-O-O Nxe4 13. Nxe4 Rxe4
14. c3 Rc4 15. e3 Rc5 16. Qd6 Qxd6 17. Rxd6 Nb4 18. a3 Nc6 19. Kd2 b6 20. b4
Rf5 21. Be2 Bb7 22. Nxb6 axb6 23. Bg4 Ne5 24. Rxd7+ Kxd7 25. Bxf5+ Ke7 26. Bd3
Bxg2 27. Rg1 Nf3+ 28. Ke2 Nxg1+ 29. Kf2 Nf3 30. Be4 Nd4 31. Bxh7 Nb5 32. Kxg2
g6 33. Bxg6 fxg6 34. a4 Nxc3 35. a5 bxa5 36. bxa5 Kf6 37. e4 Nb5 38. Kf3 Nc7
39. Ke3 Ke5 40. Kd3 g5 1/2-1/2

[Event "ODJM B 2015"]
[Site "Willingen GER"]
[Date "2015.05.26"]
[Round "5"]
[White "Winkin, Jos"]
[Black "Bardorz, Stefan"]
[Result "0-1"]
[Termination "normal"]
[Board "27"]
[WhiteElo "913"]
[BlackElo "1241"]
[PlyCount "50"]
[WhiteFideId "4004795"]
[BlackFideId "16245474"]
[EventCountry "GER"]
[EventRounds "9"]
[EventType "swiss"]
[EventDate "2015.05.23"]

1. e4 e5 2. Nf3 Nc6 3. Bb5 Nf6 4. Nc3 Bb4 5. a3 Bxc3 6. dxc3 d6 7. Bg5 O-O 8.
O-O Bg4 9. h3 Bh5 10. Re1 h6 11. Bh4 Qe7 12. Bxf6 Qxf6 13. Re3 Nd8 14. Qd2 Ne6
15. g3 Bxf3 16. g4 Ng5 17. Kh2 Bxe4 18. Kg3 Qf4+ 19. Kh4 Nf3+ 20. Rxf3 Qxd2 21.
Rg3 Qxf2 22. Bd3 Bxd3 23. cxd3 g5+ 24. Kh5 Qxg3 25. Kxh6 Qh4# 0-1

[Event "ODJM B 2015"]
[Site "Willingen GER"]
[Date "2015.05.26"]
[Round "5"]
[White "Leib, Amina"]
[Black "Brunner, Alexander"]
[Result "1-0"]
[Termination "normal"]
[Board "28"]
[WhiteElo "1228"]
[BlackElo "840"]
[PlyCount "57"]
[WhiteFideId "12982970"]
[BlackFideId "12965278"]
[EventCountry "GER"]
[EventRounds "9"]
[EventType "swiss"]
[EventDate "2015.05.23"]

1. d4 d5 2. Nf3 Nc6 3. e3 Nf6 4. c3 Bg4 5. Bd3 e6 6. Nbd2 Bd6 7. O-O O-O 8. Qe2
e5 9. dxe5 Nxe5 10. Bc2 Re8 11. Rd1 c5 12. h3 Bh5 13. b3 Nc6 14. Re1 d4 15.
cxd4 cxd4 16. e4 Bc5 17. Qc4 Bb6 18. Bb2 Rc8 19. Bd1 d3 20. e5 Nxe5 21. Qb5
Nxf3+ 22. Bxf3 Bxf3 23. Nxf3 Rc2 24. Bxf6 gxf6 25. Rxe8+ Qxe8 26. Qxe8+ Kg7 27.
Qd7 Rxf2 28. Kh1 d2 29. Nxd2 1-0

[Event "ODJM B 2015"]
[Site "Willingen GER"]
[Date "2015.05.26"]
[Round "5"]
[White "Blinov, Sergei"]
[Black "Reichel, Sara"]
[Result "1-0"]
[Termination "normal"]
[Board "29"]
[WhiteElo "1242"]
[BlackElo "866"]
[PlyCount "55"]
[BlackFideId "16245130"]
[EventCountry "GER"]
[EventRounds "9"]
[EventType "swiss"]
[EventDate "2015.05.23"]

1. e4 c5 2. c3 Nf6 3. e5 Nd5 4. d4 cxd4 5. cxd4 e6 6. Nf3 b6 7. Bg5 Qc7 8. Bd3
Bb7 9. O-O d6 10. exd6 Bxd6 11. Nbd2 Nd7 12. Nc4 Rc8 13. Nxd6+ Qxd6 14. Qd2 h6
15. Bh4 N5f6 16. Rac1 g5 17. Bg3 Qe7 18. Qe2 Ra8 19. Rc2 Nd5 20. a3 Nf4 21.
Bxf4 gxf4 22. Rfc1 Qf6 23. Ba6 Ke7 24. Bxb7 Rab8 25. Bc6 Nf8 26. Qa6 Ng6 27.
Qxa7+ Kd6 28. Qd7# 1-0

[Event "ODJM B 2015"]
[Site "Willingen GER"]
[Date "2015.05.26"]
[Round "5"]
[White "Burdot, Louis"]
[Black "Bakalarz, Adrian"]
[Result "1-0"]
[Termination "normal"]
[Board "30"]
[WhiteElo "1113"]
[BlackElo "797"]
[PlyCount "37"]
[WhiteFideId "4004760"]
[BlackFideId "12955809"]
[EventCountry "GER"]
[EventRounds "9"]
[EventType "swiss"]
[EventDate "2015.05.23"]

1. e4 d5 2. exd5 c6 3. dxc6 Nxc6 4. Bb5 e5 5. Nc3 Bd6 6. d4 exd4 7. Qxd4 Be5 8.
Qxe5+ Be6 9. Qxg7 Qf6 10. Bh6 O-O-O 11. Qxf6 Nxf6 12. Bg7 Rhg8 13. Bxf6 Rde8
14. Bxc6 bxc6 15. O-O-O Rxg2 16. Ne4 Bf5 17. Nd6+ Kd7 18. Nxe8+ Kxe8 19. Rd8#
1-0

[Event "ODJM B 2015"]
[Site "Willingen GER"]
[Date "2015.05.26"]
[Round "5"]
[White "Burdot, Clara"]
[Black "Grey, Anna"]
[Result "1/2-1/2"]
[Termination "normal"]
[Board "31"]
[WhiteElo "1046"]
[BlackElo "853"]
[PlyCount "73"]
[WhiteFideId "4004779"]
[BlackFideId "16226917"]
[EventCountry "GER"]
[EventRounds "9"]
[EventType "swiss"]
[EventDate "2015.05.23"]

1. e4 c5 2. Nc3 Nc6 3. Bc4 e5 4. d3 Nf6 5. Nf3 Be7 6. O-O O-O 7. Bb5 Qc7 8.
Bxc6 Qxc6 9. Nxe5 Qc7 10. d4 d6 11. Nc4 Bg4 12. f3 Be6 13. Nxd6 Bxd6 14. e5 Be7
15. exf6 Bxf6 16. dxc5 Qxc5+ 17. Kh1 Bxc3 18. bxc3 Qxc3 19. Rb1 Bxa2 20. Bd2
Qc6 21. Rb2 Be6 22. Bb4 Rfd8 23. Qe1 Rd5 24. Qg3 Rad8 25. Rbb1 Qxc2 26. f4 Qg6
27. Qh4 Bf5 28. Be7 Be4 29. Rg1 Bxb1 30. Bxd8 Rd7 31. Bc7 h6 32. Rc1 Qd3 33.
Qe1 Ba2 34. h3 Qd5 35. Be5 Bb3 36. Qg3 f6 37. Bxf6 1/2-1/2

[Event "ODJM B 2015"]
[Site "Willingen GER"]
[Date "2015.05.26"]
[Round "5"]
[White "Nagel, Philipp"]
[Black "Frank, Cillian"]
[Result "0-1"]
[Termination "normal"]
[Board "32"]
[WhiteElo "761"]
[BlackElo "954"]
[PlyCount "64"]
[WhiteFideId "12994715"]
[BlackFideId "16245202"]
[EventCountry "GER"]
[EventRounds "9"]
[EventType "swiss"]
[EventDate "2015.05.23"]

1. d4 d5 2. Bf4 Bf5 3. Nc3 Nf6 4. f3 e6 5. Qd2 Nc6 6. g4 Bg6 7. e3 h6 8. Bd3
Bxd3 9. Qxd3 Bb4 10. h4 Qe7 11. Nge2 O-O-O 12. h5 Rdg8 13. g5 hxg5 14. Bxg5 Qd6
15. O-O-O Rxh5 16. Bxf6 Rxh1 17. Nb5 Rxd1+ 18. Kxd1 Qd7 19. Qh7 Re8 20. Qxg7
Bf8 21. Qg3 Be7 22. Be5 Bd8 23. Nec3 Nxe5 24. Qxe5 f6 25. Qg3 a6 26. Na3 b5 27.
e4 b4 28. exd5 bxc3 29. dxe6 Qxe6 30. Qg1 Qe2+ 31. Kc1 Qe1+ 32. Qxe1 Rxe1# 0-1

[Event "ODJM B 2015"]
[Site "Willingen GER"]
[Date "2015.05.26"]
[Round "5"]
[White "Rößl, Mira"]
[Black "Prudlik, Finn Olmse"]
[Result "0-1"]
[Termination "normal"]
[Board "33"]
[WhiteElo "721"]
[BlackElo "948"]
[PlyCount "52"]
[BlackFideId "16209923"]
[EventCountry "GER"]
[EventRounds "9"]
[EventType "swiss"]
[EventDate "2015.05.23"]

1. e4 e5 2. Nf3 Nc6 3. Bc4 Nf6 4. d3 Be7 5. O-O O-O 6. Bg5 d5 7. Nc3 dxc4 8.
dxc4 Nd4 9. Nxe5 Ne6 10. Qe1 Nxg5 11. Qe3 Ne6 12. Rad1 Nd7 13. Rfe1 Qe8 14. Qh3
Nxe5 15. Re3 Nd4 16. Qh5 Nxc4 17. Rh3 Bxh3 18. Qxh3 Rd8 19. Nd5 c6 20. Rxd4
cxd5 21. exd5 Nb6 22. Rd3 Rxd5 23. c4 Rxd3 24. Qxd3 Bf6 25. b4 Na4 26. Qd5 Qe1#
0-1

[Event "ODJM B 2015"]
[Site "Willingen GER"]
[Date "2015.05.26"]
[Round "5"]
[White "Reyher, Bastian"]
[Black "Semukhin, Sophia"]
[Result "1-0"]
[Termination "normal"]
[Board "35"]
[WhiteElo "1084"]
[BlackElo "798"]
[PlyCount "115"]
[WhiteFideId "12927465"]
[EventCountry "GER"]
[EventRounds "9"]
[EventType "swiss"]
[EventDate "2015.05.23"]

1. e4 e5 2. Nf3 Nc6 3. Bc4 Bc5 4. c3 Nf6 5. d4 exd4 6. cxd4 Bb4+ 7. Nbd2 Bxd2+
8. Bxd2 Nxe4 9. Qe2 Qe7 10. O-O d6 11. Bd5 Bf5 12. Rfe1 Nf6 13. Qc4 Ne4 14.
Bxc6+ bxc6 15. Qxc6+ Qd7 16. Qxa8+ Qd8 17. Qc6+ Qd7 18. Rxe4+ Bxe4 19. Qxe4+
Qe7 20. Qc6+ Qd7 21. Re1+ Kd8 22. Qd5 Re8 23. Ng5 Rxe1+ 24. Bxe1 f6 25. Qg8+
Qe8 26. Qe6 Qe7 27. Nf7+ Ke8 28. Qxe7+ Kxe7 29. Kf1 Kxf7 30. Ke2 c5 31. Bc3
cxd4 32. Bxd4 a5 33. f4 Ke6 34. g4 g6 35. h4 h6 36. Bb6 a4 37. b3 axb3 38. axb3
g5 39. fxg5 fxg5 40. h5 Ke5 41. Kf3 d5 42. b4 d4 43. Bxd4+ Kxd4 44. b5 Kc5 45.
Ke4 Kxb5 46. Kf5 Kc5 47. Kg6 Kd5 48. Kxh6 Ke6 49. Kxg5 Kf7 50. h6 Kg8 51. Kh5
Kh7 52. g5 Kg8 53. g6 Kf8 54. g7+ Kg8 55. Kg5 Kh7 56. Kf6 Kxh6 57. g8=Q Kh5 58.
Qg5# 1-0

[Event "ODJM B 2015"]
[Site "Willingen GER"]
[Date "2015.05.26"]
[Round "5"]
[White "Jacoby, Angelina"]
[Black "Fischer, Sören"]
[Result "1-0"]
[Termination "normal"]
[Board "36"]
[WhiteElo "886"]
[BlackElo "931"]
[PlyCount "59"]
[WhiteFideId "12999008"]
[EventCountry "GER"]
[EventRounds "9"]
[EventType "swiss"]
[EventDate "2015.05.23"]

1. e4 e5 2. Nf3 d6 3. Bc4 Nc6 4. Nc3 Bg4 5. h3 Bxf3 6. Qxf3 Qd7 7. d3 Nd4 8.
Qd1 Nf6 9. Be3 c6 10. Bxd4 exd4 11. Ne2 b5 12. Bb3 c5 13. c3 Qc6 14. cxd4 cxd4
15. Nxd4 Qb6 16. Nf5 Rd8 17. O-O Be7 18. Re1 g6 19. Nh6 Rf8 20. Qe2 Rd7 21. e5
dxe5 22. Qxe5 Qd6 23. Qxb5 Qxd3 24. Ba4 Qd6 25. Rad1 Qc7 26. Rc1 Qd8 27. Qc6
Rh8 28. Qxf6 Rf8 29. Qxe7+ Qxe7 30. Rc8# 1-0

[Event "ODJM B 2015"]
[Site "Willingen GER"]
[Date "2015.05.28"]
[Round "7"]
[White "Wachinger, Nikolas"]
[Black "Morio, Estelle"]
[Result "1/2-1/2"]
[Termination "normal"]
[Board "1"]
[WhiteElo "1299"]
[BlackElo "1685"]
[WhiteClock "00:08:23"]
[BlackClock "00:19:28"]
[PlyCount "55"]
[WhiteFideId "12962791"]
[BlackFideId "12951951"]
[EventCountry "GER"]
[EventRounds "9"]
[EventType "swiss"]
[EventDate "2015.05.23"]

1. e4 d6 2. d4 Nf6 3. Nc3 Nbd7 4. Nf3 e5 5. Bc4 Be7 6. O-O O-O 7. Re1 c6 8. a4
a5 9. h3 h6 10. Ba2 Qc7 11. Be3 Rd8 12. Qe2 Nf8 13. Qc4 d5 14. Nxd5 Nxd5 15.
exd5 exd4 16. Bxd4 Rxd5 17. Qe2 Rd7 18. Bxf7+ Kxf7 19. Ne5+ Kg8 20. Nxd7 Qxd7
21. Rad1 Bg5 22. Bb6 Qe6 23. Qd3 Qf5 24. Re8 Qxd3 25. Rxd3 Kf7 26. Re2 Bf6 27.
b3 Be6 28. Kh2 1/2-1/2

[Event "ODJM B 2015"]
[Site "Willingen GER"]
[Date "2015.05.28"]
[Round "7"]
[White "Thumm, Niklas"]
[Black "Kublanov, Carolin"]
[Result "1-0"]
[Termination "normal"]
[Board "2"]
[WhiteElo "1510"]
[BlackElo "1607"]
[WhiteClock "00:24:23"]
[BlackClock "00:24:43"]
[PlyCount "87"]
[WhiteFideId "12918733"]
[BlackFideId "12944548"]
[EventCountry "GER"]
[EventRounds "9"]
[EventType "swiss"]
[EventDate "2015.05.23"]

1. e4 e5 2. Nf3 Nc6 3. Bc4 Nf6 4. Ng5 d5 5. exd5 Na5 6. Bb5+ c6 7. dxc6 bxc6 8.
Ba4 Bc5 9. O-O Ng4 10. Qf3 Qc7 11. Ne4 Be7 12. h3 h5 13. d3 f5 14. Ng3 g6 15.
Bd2 e4 16. dxe4 Ne5 17. Qc3 Nac4 18. f4 Nxd2 19. Nxd2 Bd7 20. fxe5 O-O-O 21.
Nc4 h4 22. Ne2 fxe4 23. Rf7 Be6 24. Nd6+ Kb8 25. Rxe7 Qb6+ 26. Kh1 Bd7 27. e6
Bxe6 28. Rb7+ Qxb7 29. Nxb7 Kxb7 30. Qxc6+ Kb8 31. Qxe6 Rd2 32. Qe5+ Kb7 33.
Qxh8 Rxe2 34. Qg7+ Kb6 35. Qxg6+ Kc7 36. Qf7+ Kb6 37. Qb3+ Kc7 38. Qc4+ Kb6 39.
Qxe2 a5 40. Qb5+ Kc7 41. Qc6+ Kb8 42. Rd1 e3 43. Rd7 e2 44. Qb7# 1-0